1925 1532 1687 1542 1114 1649 1641 1488 1371 1873 1228 1793 1303 1669 1625 1856 1129 1210 1795 1831 1110 1489 1875 1659 1758 1421 1302 1699 1504 1693 1085 1678 1935 1030 1640 1640 1340 1503 1105 1459 1694 1850 1094 1601 1918 1727 1841 1217 1292 1505 1107 1684 1273 1662 1349 1242 1001 1038 1642 1695 1932 1562 1826 1548 1026 1049 1198 1582 1920 1851 1365 1311 1185 1463 1988 1385 1579 1693 1726 1522 1294 1886 1304 1964 1711 1493 1907 1443 1152 1918 1064 1059 1249 1047 1993 1726 1140 1779 1078 BCNSPRNW ULIB Ver.6.0+V

เปลี่ยนเป็นภาษาไทย

Change to English
 แสดงรายละเอียดบรรณานุกรม
  กลับหน้าหลัก

Brief Record : Get Marc (ISO 2709) : E-mail record : QR code < ปิดหน้าต่าง
LEADER : 00000nam 2200000uu 4500
001    13399120422
003     ULIB
008    120920s2552||||th 000 0 tha d
020    ^a9789741149544
060 04 ^aWB115^bอ641 2552
245 00 ^aอายุรศาสตร์ 2552 =^bNew Trends in internal medicine 2009 /^cบรรณาธิการ, สุวรรณา เศรษฐวัชราวนิช
246 31 ^aNew trends in internal medicine 2009
250    ^aพิมพ์ครั้งที่ 1
260    ^aสงขลา :^bชานเมืองการพิมพ์,^c2552
300    ^a[9], 218 หน้า :^bภาพประกอบ ;^c26 ซม.
650  7 ^aการแพทย์
650  7 ^aอายุรศาสตร์
700 0  ^aสุวรรณา เศรษฐวัชราวนิช,^eบรรณาธิการ
945    ^p450^l0^i16565
945    ^p450^l0^i19528
995    ^aกัณชพร
999 ^a ใช้งานได้ทุกระบบ
รายการนี้ยังไม่มีแท็ก
คุณยังไม่ได้ล็อกอิน คุณสามารถมีกิจกรรมร่วมกับเว็บไซต์ได้ แต่ต้องล็อกอินก่อน ::
  ล็อกอิน

รายการสื่อสารสนเทศ

ลำดับที่ ประเภท เลขเรียก/บาร์โค้ด สถานที่ สถานะ
- ไม่พบข้อมูล -

รายการใกล้เคียง
    หัวเรื่อง [การแพทย์]
    หัวเรื่อง [อายุรศาสตร์]

BibComment


ยังไม่เคยถูกคอมเมนท์

คอมเมนท์ทรัพยากรรายการนี้
  คอมเมนท์: อายุรศาสตร์ 2552..


 Copyright 2026. Bcnsprnw @Library